000 00838nab a2200253 u 4500
001 21019
003 HDC
007 cr bn ---aaaaa
008 210307c |r|noo 0 a d
040 _aHDC
100 _aAdityaputri,
_eauthor
_914177
245 0 _aPROMO DAGING SAPI SEGAR DI TRANSMART CARREFOUR /
_cby Adityaputri
260 _a[No place] :
_b[publisher not identified],
_c2016
336 _atext
_2rdacontent
337 _acomputer
_2rdamedia
338 _aonline resource
_2rdacarrier
650 _aHalal certificate
_9482
650 _aHalal product
_948
710 _aDETIK.COM
856 _zRequest full-text at [email protected]
942 _2lcc
942 _cNEWS
942 _kNWSO 010139
999 _c18335
_d18335